Unscramble Girls names beginning with B! - Statistics

General Stats
  • This quiz has been taken 142 times
  • The average score is 7 of 8
Answer Stats
Names Answer % Correct
lebal Bella
99%
lebel Belle
99%
nnabria Brianna
97%
ueba Beau
96%
eokbro Brooke
95%
okynbrol Brooklyn
95%
ybtaehn Bethany
85%
ticerbea Beatrice
82%
No matching quizzes found
Score Distribution
Percent of People with Each Score
Percentile by Number Answered
Your Score History
You have not taken this quiz